Numbers 1-100 by Factors: 30 Second Sprint - Statistics

General Stats
  • This quiz has been taken 1,186 times
  • The average score is 86 of 99
Answer Stats
# % Correct
10
100%
100
100%
12
100%
16
100%
18
100%
20
100%
21
100%
24
100%
27
100%
28
100%
30
100%
32
100%
36
100%
4
100%
40
100%
42
100%
44
100%
45
100%
48
100%
50
100%
52
100%
54
100%
56
100%
6
100%
60
100%
63
100%
64
100%
66
100%
68
100%
70
100%
72
100%
76
100%
78
100%
8
100%
80
100%
81
100%
84
100%
88
100%
9
100%
90
100%
92
100%
96
100%
99
100%
14
99%
15
99%
2
99%
22
99%
26
99%
3
99%
33
99%
34
99%
38
99%
39
99%
46
99%
51
99%
57
99%
58
99%
62
99%
69
99%
74
99%
75
99%
82
99%
86
99%
87
99%
93
99%
94
99%
98
99%
35
97%
55
96%
65
96%
85
96%
77
95%
91
95%
95
95%
25
94%
5
94%
49
93%
7
93%
11
84%
13
78%
17
69%
23
66%
19
63%
31
61%
29
52%
41
51%
37
42%
61
39%
43
37%
47
33%
67
33%
71
33%
53
32%
59
24%
73
24%
89
24%
83
21%
97
19%
79
18%
No matching quizzes found
Score Distribution
Percent of People with Each Score
Percentile by Number Answered
Your Score History
You have not taken this quiz